000 01047cam a2200289 a 4500
001 25762
003 BD-RjUL
005 20211209050926.0
008 140319r1959 ii b 001 0 eng d
035 _a(BD-RjUL)25832
040 _aDLC
_cDLC
_dBD-RjUL
_beng
041 _aeng
082 0 0 _a954.03
_219
_bGOI 1959
100 0 _aGopal, Ram
_d1912-
_979128
245 1 2 _aA political history of Indian Muslims, 1858-1947 /
_cRam Gopal.
260 _aNew Delhi :
_bCriterion Publications,
_c1959.
300 _ax, 351 p. ;
_c22 cm.
500 _aReprint. Originally published: Indian Muslims, a political history, 1858-1947. Bombay : Asia Pub. House, 1964.
504 _aIncludes bibliographical references and index.
650 0 _aMuslims
_xPolitical activity
_zIndia.
_979129
651 0 _aIndia
_xPolitics and government
_y1857-1919.
_96299
651 0 _aIndia
_xPolitics and government
_y1919-1947.
_979130
942 _2ddc
_cBK
999 _c25762
_d25762